[Event "Women's Speed Chess Q1"]
[Site "chess.com INT"]
[Date "2020.06.18"]
[Round "3"]
[White "Salimova, Nurgyul"]
[Black "Dordzhieva, Dinara"]
[Result "1/2-1/2"]
[WhiteTitle "IM"]
[BlackTitle "WIM"]
[WhiteElo "2372"]
[BlackElo "2354"]
[WhiteFideId "2915138"]
[BlackFideId "24157570"]
[EventDate "2020.06.18"]

1. d4 Nf6 2. c4 e6 3. Nf3 d5 4. g3 dxc4 5. Bg2 a6 6. O-O Nc6 7. e3 Rb8 8. Qe2 b5
9. Ne5 Nxe5 10. dxe5 Nd7 11. Rd1 Bb7 12. Bxb7 Rxb7 13. b3 Qa8 14. bxc4 Nxe5 15.
Nd2 Be7 16. Bb2 Bf6 17. Ne4 bxc4 18. Nxf6+ gxf6 19. Bxe5 fxe5 20. Qxc4 O-O 21.
Qg4+ Kh8 22. Qg5 Rb5 23. Qf6+ Kg8 24. h4 Qe4 25. Rac1 Rfb8 26. Rxc7 Qg6 27.
Qxg6+ hxg6 28. Rdd7 Rf8 29. Rc2 Rfb8 30. Rcc7 Rf8 31. Kg2 Rb2 32. a4 Rb4 33. Rc5
Rxa4 34. Rxe5 Ra2 35. Re4 a5 36. Ra7 Rb8 37. Rf4 Rf8 38. Kh3 Kg7 39. Kg4 e5 40.
Rf3 a4 41. e4 a3 42. Raxa3 Rxa3 43. Rxa3 Rb8 44. Ra5 Kf6 45. Ra6+ Kg7 46. f4 Rb4
47. Kf3 Rb3+ 48. Kg4 Rb4 49. Kf3 Rb3+ 50. Kg4 Rb4 1/2-1/2

[Event "Women's Speed Chess Q1"]
[Site "chess.com INT"]
[Date "2020.06.18"]
[Round "3"]
[White "Mendoza, Beverly"]
[Black "Tian, Shi Yuan"]
[Result "1-0"]
[WhiteTitle "WIM"]
[BlackTitle "WFM"]
[WhiteElo "1945"]
[BlackElo "1868"]
[WhiteFideId "5201250"]
[BlackFideId "2623960"]
[EventDate "2020.06.18"]

1. d4 Nf6 2. Nf3 d5 3. Bf4 c5 4. c3 Nc6 5. e3 e6 6. Nbd2 Bd6 7. Ne5 O-O 8. Bd3
h6 9. Qf3 Qc7 10. Nxc6 Qxc6 11. Bxh6 e5 12. dxe5 Bxe5 13. Bg5 Bg4 14. Bxf6 Bxf3
15. Bxe5 Bg4 16. O-O f6 17. Bg3 Qe6 18. e4 Rfd8 19. exd5 Qd7 20. c4 Bf5 21. Ne4
Bxe4 22. Bxe4 Re8 23. Rfe1 Rad8 24. d6 b6 25. Re3 f5 26. Bd5+ Kh7 27. Be5 Rxe5
28. Rxe5 Qxd6 29. Rxf5 Re8 30. Bf7 Re5 31. Rf3 g6 32. Rg3 g5 33. Bd5 Qf6 34. Rf3
Qg6 35. Rf7+ Kh6 36. Rf3 Qc2 37. Rh3+ Kg7 38. Rf1 Qxb2 39. Rf3 Qd4 40. Rf7+ Kh6
41. Rf6+ Kg7 42. Rf7+ Kg6 43. Rxa7 Rf5 44. a4 Rf6 45. Rb7 Qc3 46. g3 Qa5 47.
Be4+ Kh5 48. Rh7+ Rh6 49. g4+ Kxg4 50. Rxh6 Kf4 51. Bc6 Qc3 52. Bd5 Qd4 53. Re6 1-0

[Event "Women's Speed Chess Q1"]
[Site "chess.com INT"]
[Date "2020.06.18"]
[Round "3"]
[White "Goltseva, Ekaterina"]
[Black "Ovezdurdiyeva, Jemal"]
[Result "1-0"]
[WhiteTitle "FM"]
[BlackTitle "WFM"]
[WhiteElo "2306"]
[BlackElo "2061"]
[WhiteFideId "24173770"]
[BlackFideId "14001888"]
[EventDate "2020.06.18"]

1. d4 Nf6 2. c4 g6 3. Nc3 Bg7 4. e4 d6 5. Nf3 O-O 6. h3 c5 7. d5 e5 8. g4 Ne8 9.
Bg5 f6 10. Bh4 Qb6 11. Qd2 a6 12. Bd3 Qa5 13. Ke2 b5 14. cxb5 axb5 15. Nxb5 Bd7
16. a4 Qxd2+ 17. Nxd2 Na6 18. Nc4 Nb4 19. b3 Ra6 20. f3 Rf7 21. Rhb1 Bh6 22. Be1
Bf8 23. Bxb4 cxb4 24. Rc1 Bh6 25. Rc2 Bf8 26. Ne3 Ra8 27. Rac1 Bh6 28. Ra1 Kf8
29. a5 Bc8 30. Rc6 Ke7 31. a6 Kd7 32. a7 Kd8 33. Rb6 Bb7 34. Nxd6 Nxd6 35. Rxd6+
Kc7 36. Rc1+ Kxd6 37. Nc4+ Kd7 38. Nb6+ Ke7 39. Nxa8 Bxa8 40. Rc8 Rf8 41. Rc7+
Kd6 42. Rxh7 Re8 43. Rxh6 Re7 44. Rxg6 Rxa7 45. Rxf6+ 1-0

[Event "Women's Speed Chess Q1"]
[Site "chess.com INT"]
[Date "2020.06.18"]
[Round "3"]
[White "Rakhmangulova, Anastasiya"]
[Black "Swati, Mohota"]
[Result "1-0"]
[WhiteTitle "WIM"]
[BlackTitle "WFM"]
[WhiteElo "2191"]
[BlackElo "2027"]
[WhiteFideId "14117479"]
[BlackFideId "5006511"]
[EventDate "2020.06.18"]

1. e4 c6 2. Nf3 d5 3. Nc3 d4 4. Ne2 c5 5. Ng3 Nc6 6. Bc4 e6 7. a4 Nf6 8. d3 Be7
9. O-O O-O 10. e5 Nd5 11. Re1 a6 12. Ne4 h6 13. c3 Rb8 14. cxd4 cxd4 15. Bd2 b5
16. axb5 axb5 17. Bb3 Bb4 18. Bxb4 Ndxb4 19. Nd6 Nxe5 20. Rxe5 Qxd6 21. Re4 Nc6
22. Rh4 Qe7 23. Rh5 Bb7 24. Nd2 e5 25. Qg4 Kh8 26. Ne4 Bc8 27. Qf3 Rb6 28. Ra8
Nb8 29. Ng5 Bb7 30. Qf5 g6 31. Rxh6+ Kg7 32. Rh7+ Kg8 33. Qh3 Bxa8 34. Rh8+ Kg7
35. Qh6+ Kf6 36. Ne4+ Bxe4 37. Rxf8 Ra6 38. Qh8+ Kg5 39. h4+ Kf4 40. dxe4 1-0

[Event "Women's Speed Chess Q1"]
[Site "chess.com INT"]
[Date "2020.06.18"]
[Round "3"]
[White "Solozhenkina, Elizaveta"]
[Black "Shvedova, Alexandra"]
[Result "1-0"]
[WhiteTitle "WIM"]
[BlackTitle "WFM"]
[WhiteElo "2301"]
[BlackElo "1994"]
[WhiteFideId "34106615"]
[BlackFideId "54154782"]
[EventDate "2020.06.18"]

1. e4 e5 2. Nf3 Nc6 3. Bc4 Bc5 4. O-O Nf6 5. d3 d6 6. a4 Ne7 7. c3 a6 8. h3 h6
9. Re1 Ng6 10. d4 Ba7 11. dxe5 Nxe5 12. Nxe5 dxe5 13. Qxd8+ Kxd8 14. Bxf7 Ke7
15. Bb3 Be6 16. Bc2 Rad8 17. Nd2 g5 18. Nf3 g4 19. Nxe5 Rhg8 20. hxg4 Nxg4 21.
Nxg4 Bxg4 22. Bf4 Bf3 23. g3 Rdf8 24. Be3 Bxe3 25. Rxe3 h5 26. Bd1 Bg4 27. Bxg4
hxg4 28. Rd1 Rg6 29. Red3 Rh6 30. Rd7+ Ke6 31. Rxc7 Rfh8 32. Kf1 Rf8 33. Rxb7
Rh1+ 34. Ke2 Rxd1 35. Kxd1 Rxf2 36. a5 Rg2 37. Ke1 Rxg3 38. Kf2 Rd3 39. b4 Rxc3
40. Rb6+ Ke5 41. Rxa6 Kxe4 42. Ra8 Kd5 43. b5 Ra3 44. a6 Kc5 45. Rb8 Kd6 46. Rb7
Kc5 47. a7 Kd6 48. b6 Kc6 49. Rb8 1-0

[Event "Women's Speed Chess Q1"]
[Site "chess.com INT"]
[Date "2020.06.18"]
[Round "3"]
[White "Zhao, Xue"]
[Black "Antova, Gabriela"]
[Result "1/2-1/2"]
[WhiteTitle "GM"]
[BlackTitle "FM"]
[WhiteElo "2486"]
[BlackElo "2255"]
[WhiteFideId "8601283"]
[BlackFideId "2915235"]
[EventDate "2020.06.18"]

1. Nf3 d5 2. e3 Nf6 3. b3 c5 4. Bb2 g6 5. d3 Bg7 6. Nbd2 Nc6 7. g3 O-O 8. Bg2 d4
9. O-O e5 10. Nc4 Nd5 11. a4 Bg4 12. Qd2 Qd7 13. Rfe1 Rae8 14. Ng5 b6 15. h3 Be6
16. Nxe6 Rxe6 17. h4 Bh6 18. Qd1 dxe3 19. fxe3 Re7 20. Kh2 Nf6 21. Bh3 Qc7 22.
Rf1 Nd5 23. Bg2 Nxe3 24. Nxe3 Bxe3 25. Qf3 Bd4 26. c3 e4 27. dxe4 Be5 28. Rad1
Rd8 29. Rd5 Na5 30. Rxd8+ Qxd8 31. Bc1 Rd7 32. Bg5 Qc7 33. Bh3 Rd6 34. b4 Nc4
35. Rf2 cxb4 36. cxb4 a5 37. b5 Rd4 38. Be6 Nd6 39. Bd5 Qd7 40. Rc2 Rxa4 41. Rc6
h5 42. Rxb6 Rb4 43. Rb8+ Kh7 44. Rd8 Rb2+ 45. Kg1 Bd4+ 46. Be3 Bxe3+ 47. Qxe3
Qh3 48. Rh8+ Kxh8 49. Qh6+ Kg8 50. Qxg6+ Kh8 51. Qh6+ Kg8 52. Qg6+ Kh8 53. Qh6+
Kg8 54. Qg6+ 1/2-1/2

[Event "Women's Speed Chess Q1"]
[Site "chess.com INT"]
[Date "2020.06.18"]
[Round "3"]
[White "Nurmanova, Alua"]
[Black "Arakhamia-Grant, Ketevan"]
[Result "1-0"]
[WhiteTitle "WFM"]
[BlackTitle "GM"]
[WhiteElo "2026"]
[BlackElo "2380"]
[WhiteFideId "13729390"]
[BlackFideId "13600168"]
[EventDate "2020.06.18"]

1. e4 c5 2. Nf3 Nc6 3. d4 cxd4 4. Nxd4 e5 5. Nb5 d6 6. c4 Be7 7. N1c3 a6 8. Na3
Nf6 9. Be2 O-O 10. O-O Be6 11. Nc2 Rc8 12. b3 Nd7 13. Be3 g6 14. Bh6 Re8 15. Qd2
f5 16. exf5 gxf5 17. Bh5 Bf7 18. Bxf7+ Kxf7 19. f4 Kg6 20. fxe5 Ndxe5 21. Nd5
Bg5 22. Nf4+ Kxh6 23. h4 Bxf4 24. Qxf4+ Kg7 25. Ne3 Ne7 26. Qg5+ N7g6 27. Nxf5+
Kh8 28. Qh6 Rg8 29. h5 Ng4 30. Qd2 N6e5 31. Rae1 Rg5 32. Nxd6 Qb6+ 33. Rf2 Qxf2+
34. Qxf2 Nxf2 35. Kxf2 Nd3+ 36. Ke2 Nxe1 37. Nf7+ Kg7 38. Nxg5 Nxg2 39. Kf3 Nh4+
40. Kg4 Ng2 41. Kg3 Ne1 42. Kf4 Nd3+ 43. Ke4 Nb4 44. Kf5 Re8 45. Ne6+ Kh6 46.
Nf4 Rf8+ 47. Kg4 Nxa2 48. Nd5 Nc1 49. Ne7 Nxb3 50. c5 1-0

[Event "Women's Speed Chess Q1"]
[Site "chess.com INT"]
[Date "2020.06.18"]
[Round "3"]
[White "Ghomi, Parnian"]
[Black "De Seroux, Camille"]
[Result "0-1"]
[WhiteTitle "WCM"]
[BlackTitle "WIM"]
[WhiteElo "2006"]
[BlackElo "2137"]
[WhiteFideId "22502785"]
[BlackFideId "1305620"]
[EventDate "2020.06.18"]

1. d4 Nf6 2. Bf4 d5 3. e3 c5 4. c3 e6 5. Nd2 Nc6 6. Bg3 Bd6 7. Ngf3 O-O 8. Ne5
Qc7 9. f4 cxd4 10. exd4 Ne4 11. Bd3 f6 12. Nxe4 dxe4 13. Bxe4 fxe5 14. fxe5 Be7
15. Qh5 g6 16. Bxg6 hxg6 17. Qxg6+ Kh8 18. O-O-O Bd8 19. Bf4 Qh7 20. Qg3 Qh4 21.
Qxh4+ Bxh4 22. g3 Be7 23. h4 b6 24. h5 Bb7 25. Rhf1 Rf5 26. g4 Rxf4 27. Rxf4 Bg5
28. Rf1 Rf8 29. Kd2 Rxf4 30. Rxf4 Bxf4+ 31. Kd3 Bg5 32. Kc4 a6 33. a4 Na5+ 34.
Kd3 Bd5 35. b4 Nc4 36. b5 axb5 37. axb5 Na3 38. Ke2 Nxb5 39. Kd3 Na3 40. Ke2 Kg7
41. Kd3 Kh6 42. Ke2 Bf4 43. Kd3 Kg5 44. h6 Kxh6 45. Ke2 Kg5 46. Kd3 Kxg4 47. Ke2
Kf5 48. Kd3 Be4+ 49. Ke2 b5 50. c4 bxc4 51. d5 exd5 52. e6 Kxe6 53. Kd1 c3 54.
Ke2 c2 55. Kf1 c1=Q+ 56. Kf2 Qe3+ 57. Kf1 Bd3+ 58. Kg2 Qg3+ 59. Kh1 Be4# 0-1

[Event "Women's Speed Chess Q1"]
[Site "chess.com INT"]
[Date "2020.06.18"]
[Round "3"]
[White "Goryachkina, Aleksandra"]
[Black "Tomilova, Elena"]
[Result "1-0"]
[WhiteTitle "GM"]
[BlackTitle "WGM"]
[WhiteElo "2582"]
[BlackElo "2353"]
[WhiteFideId "4147103"]
[BlackFideId "4162340"]
[EventDate "2020.06.18"]

1. d4 Nf6 2. c4 e6 3. Nf3 b6 4. g3 Bb4+ 5. Bd2 c5 6. Bg2 Bb7 7. O-O Bxd2 8. Qxd2
cxd4 9. Nxd4 Bxg2 10. Kxg2 O-O 11. Nb5 a6 12. Nd6 Nc6 13. Nc3 Qc7 14. Rfd1 h6
15. Rac1 Rad8 16. f3 Ne8 17. Nce4 f5 18. Nxe8 Rfxe8 19. Nd6 Re7 20. b4 Kh7 21.
b5 Na5 22. Qd3 Qa7 23. a4 Nb7 24. Nxb7 Qxb7 25. Qd6 Rde8 26. c5 axb5 27. axb5
bxc5 28. Rxc5 e5 29. Kf1 Qb8 30. Qxb8 Rxb8 31. Rdd5 Rbe8 32. b6 g6 33. Rb5 Rb8
34. Rd6 Rb7 35. Ke1 Kg7 36. Kd2 Kf7 37. Kc3 Re6 38. Rxe6 Kxe6 39. Kb4 d5 40. Ka5
Kd6 41. Ka6 Rb8 42. b7 d4 43. Rb6+ Kd5 44. Rxg6 e4 45. fxe4+ fxe4 46. Rxh6 d3
47. exd3 exd3 48. Rh7 Ke6 49. Rh4 Ke5 50. Rh5+ Ke6 51. Rb5 d2 52. Rb1 Ke5 53.
Rd1 Rd8 54. Ka7 Ke4 55. b8=Q Rd7+ 56. Qb7+ Ke3 57. Qxd7 Ke2 58. g4 Kxd1 59. g5
Ke2 60. Qxd2+ Kxd2 61. g6 Kc3 62. g7 Kd4 63. g8=Q Ke3 64. h4 Ke2 65. h5 Kf3 66.
h6 Kf4 67. h7 Kf5 68. h8=Q 1-0

[Event "Women's Speed Chess Q1"]
[Site "chess.com INT"]
[Date "2020.06.18"]
[Round "3"]
[White "Bogumil, Tatiana"]
[Black "Efimenko, Maria"]
[Result "0-1"]
[WhiteTitle "WGM"]
[BlackTitle "WIM"]
[WhiteElo "2182"]
[BlackElo "2245"]
[WhiteFideId "4110579"]
[BlackFideId "14124327"]
[EventDate "2020.06.18"]

1. Nf3 g6 2. c4 Bg7 3. Nc3 d6 4. d4 Nd7 5. d5 Ngf6 6. e4 O-O 7. Be2 c6 8. O-O a5
9. Re1 Nc5 10. Bf1 Qb6 11. h3 a4 12. Rb1 Qc7 13. Qc2 e5 14. dxe6 Bxe6 15. b3
axb3 16. axb3 h6 17. Nd4 Rfe8 18. Nxe6 Nxe6 19. Be3 Kh7 20. g3 Qa5 21. Bg2 Ng4
22. hxg4 Qxc3 23. Qxc3 Bxc3 24. Red1 Bb4 25. Ra1 Bc5 26. Bxc5 Rxa1 27. Rxa1 Nxc5
28. Rd1 Nxb3 29. Rxd6 Nc5 30. Rd4 Kg7 31. f3 Ra8 32. e5 Ra3 33. Kf2 Ra2+ 34. Kg1
Rc2 35. Bf1 Kf8 36. f4 Ke7 37. f5 Nb3 38. Rd3 Nd2 39. Be2 Ne4 40. Bf3 Nxg3 41.
Bxc6 Ne2+ 42. Kf1 bxc6 43. e6 gxf5 44. gxf5 fxe6 45. fxe6 Nf4 46. Rf3 Rxc4 47.
Kf2 Nxe6 48. Rh3 Rf4+ 49. Ke3 Rf6 50. Rh5 c5 51. Kd3 Kd6 52. Kc4 Rf4+ 53. Kc3
Rf3+ 54. Kc4 Rf6 55. Rd5+ Kc6 56. Rh5 Rf4+ 57. Kc3 Rf3+ 58. Kc4 Rf6 59. Rh4 Rf4+ 0-1

[Event "Women's Speed Chess Q1"]
[Site "chess.com INT"]
[Date "2020.06.18"]
[Round "3"]
[White "Azhar, Puteri Munajjah Az-Zahraa"]
[Black "Sim, Jia Ru"]
[Result "1-0"]
[WhiteTitle "WIM"]
[BlackTitle "WCM"]
[WhiteElo "2046"]
[BlackElo "2005"]
[WhiteFideId "5709040"]
[BlackFideId "5716110"]
[EventDate "2020.06.18"]

1. d4 d5 2. Nf3 c5 3. c3 Nf6 4. Bf4 Qb6 5. Qb3 c4 6. Qc2 Nc6 7. Nbd2 g6 8. e3
Bf5 9. Qc1 Bg7 10. Be2 O-O 11. O-O Qd8 12. b3 b5 13. Ne5 Rc8 14. Qb2 a5 15. Ndf3
Ne4 16. Rfc1 Nxe5 17. Bxe5 f6 18. Bg3 b4 19. cxb4 c3 20. Qa3 axb4 21. Qxb4 Qd7
22. Bb5 Qb7 23. a4 Rfd8 24. Ne1 e6 25. Qa3 Bf8 26. b4 Nd6 27. Bxd6 Bxd6 28. Rxc3
Qe7 29. Rb3 Bc2 30. Nxc2 Rxc2 31. Bd3 Rc7 32. Qb2 Rdc8 33. g3 e5 34. Ba6 Ra8 35.
Bb5 exd4 36. exd4 Qe4 37. Re3 Qc2 38. Qxc2 Rxc2 39. Rb1 Rac8 40. Re6 Bf8 41. Rb6
Rd2 42. Rf1 Bxb4 43. Bd7 Rc7 44. Be6+ Kg7 45. Rxb4 Re2 46. Bxd5 Ra7 47. Bc6 Re6
48. Bb5 Rd6 49. Rd1 Rb7 50. Rc4 Ra7 51. Rc6 Rd8 52. d5 Rad7 53. d6 Kh8 54. Rd3
Ra7 55. Rc7 Raa8 56. d7 h5 57. Bc6 Rab8 58. Bb5 Rb6 59. Re3 Rbb8 60. Re8+ Rxe8
61. dxe8=Q+ Rxe8 62. Bxe8 g5 63. Bg6 1-0

[Event "Women's Speed Chess Q1"]
[Site "chess.com INT"]
[Date "2020.06.18"]
[Round "3"]
[White "Muminova, Nafisa"]
[Black "Palmero Martinez, Rachel"]
[Result "1-0"]
[WhiteTitle "WGM"]
[BlackTitle "WFM"]
[WhiteElo "2274"]
[BlackElo "2099"]
[WhiteFideId "14201526"]
[BlackFideId "3516466"]
[EventDate "2020.06.18"]

1. d4 Nf6 2. Nc3 d5 3. Bf4 g6 4. Qd2 Bg7 5. O-O-O O-O 6. f3 c6 7. h4 b5 8. h5
Nxh5 9. Bh6 e5 10. Bxg7 Kxg7 11. dxe5 Rh8 12. g4 Ng3 13. Qh6+ Kg8 14. Rh3 Nxf1
15. Rxf1 Nd7 16. f4 b4 17. Nd1 Qf8 18. Qh4 Qc5 19. Nf3 Qa5 20. Kb1 Nc5 21. Nd4
Ne4 22. Nb3 Qc7 23. Rfh1 a5 24. Ne3 a4 25. Nd4 b3 26. cxb3 axb3 27. Nxb3 Qa7 28.
a3 Ba6 29. Qe1 Qb7 30. Nf5 Rb8 31. Nd6 Qb6 32. Nxe4 dxe4 33. Rc3 c5 34. Rhh3 c4
35. Qc1 cxb3 36. f5 Bxe2 37. Rc8+ Rxc8 38. Qxc8+ Kg7 39. f6+ Qxf6 40. exf6+ Kxf6
41. Qxh8+ Kg5 42. Qxh7 Kxg4 43. Qh4+ Kf5 44. Re3 Bd3+ 45. Kc1 Ke5 46. Qg3+ Ke6
47. Kd2 f5 48. Qf4 Kf6 49. Rxd3 exd3 50. Kxd3 g5 51. Qd6+ Kg7 52. a4 f4 53. Ke4
f3 54. Kxf3 g4+ 55. Kxg4 Kf7 56. Kf5 Ke8 57. Qc7 Kf8 58. Kf6 Kg8 59. Qg7# 1-0

[Event "Women's Speed Chess Q1"]
[Site "chess.com INT"]
[Date "2020.06.18"]
[Round "3"]
[White "Xu, Yuanyuan"]
[Black "Mikheeva, Galina"]
[Result "1-0"]
[WhiteTitle "WGM"]
[BlackTitle "WFM"]
[WhiteElo "2317"]
[BlackElo "1901"]
[WhiteFideId "8601089"]
[BlackFideId "44108320"]
[EventDate "2020.06.18"]

1. d4 Nf6 2. c4 e6 3. g3 d5 4. Nf3 dxc4 5. Bg2 Bb4+ 6. Bd2 Be7 7. O-O O-O 8. Qc2
Nbd7 9. Qxc4 Nb6 10. Qc2 a5 11. a4 Nfd5 12. Rc1 c6 13. Na3 Bf6 14. Nc4 Nxc4 15.
Qxc4 Qb6 16. e4 Nb4 17. Bxb4 axb4 18. b3 Rd8 19. e5 Be7 20. Rd1 Qa6 21. Qxa6
Rxa6 22. Rac1 Bd7 23. Nd2 f6 24. Ne4 Be8 25. f4 Raa8 26. Kf2 Bg6 27. Ke3 Kf7 28.
Nc5 Bxc5 29. Rxc5 Ra6 30. Rc4 Rb6 31. a5 Rb5 32. Ra1 Ra8 33. Bf1 Rbxa5 34. Rxa5
Rxa5 35. Rxb4 Ra7 36. Rb6 Ke7 37. b4 Bc2 38. Bd3 Bxd3 39. Kxd3 Kd7 40. Kc4 Kc7
41. Kc5 Ra3 42. b5 Rc3+ 43. Kb4 Kxb6 44. Kxc3 Kxb5 45. f5 fxe5 46. fxe6 exd4+
47. Kd3 Ka4 48. e7 b5 49. e8=Q b4 50. Kxd4 b3 51. Qxc6+ Ka3 52. Kc3 Ka2 53. Qa6+
Kb1 54. Kxb3 Kc1 55. Qe2 Kb1 56. Qd1# 1-0

[Event "Women's Speed Chess Q1"]
[Site "chess.com INT"]
[Date "2020.06.18"]
[Round "3"]
[White "Cori T., Deysi"]
[Black "Mamedjarova, Turkan"]
[Result "1-0"]
[WhiteTitle "WGM"]
[BlackTitle "WGM"]
[WhiteElo "2388"]
[BlackElo "2309"]
[WhiteFideId "3801934"]
[BlackFideId "13402005"]
[EventDate "2020.06.18"]

1. d4 d5 2. c4 e6 3. Nc3 Nf6 4. Bg5 Be7 5. e3 c6 6. Nf3 O-O 7. Qc2 dxc4 8. Bxc4
Nd5 9. Bxe7 Qxe7 10. O-O Nd7 11. Rfe1 h6 12. Rad1 N5b6 13. Bb3 e5 14. Ne4 Nd5
15. Ng3 Qf6 16. Nh5 Qe7 17. Bxd5 cxd5 18. dxe5 Nxe5 19. Nxe5 Qxe5 20. Nf4 Be6
21. Qb3 b6 22. Rd4 Rfd8 23. h3 Rac8 24. Red1 Rc6 25. Qa4 Rc7 26. Qa6 g6 27. a3
Kg7 28. Qd3 Bf5 29. Qb5 Be6 30. Qb4 g5 31. Nd3 Qd6 32. Qxd6 Rxd6 33. Nb4 Rc5 34.
e4 a5 35. Nxd5 Bxd5 36. exd5 Kf6 37. R4d2 Ke5 38. Re1+ Kf6 39. Red1 Ke5 40. Re1+
Kf6 41. Re3 Rcxd5 42. Rxd5 Rxd5 43. Rb3 Rd6 44. Rb5 Ke6 45. g4 f6 46. Kg2 Rc6
47. Kf3 Rd6 48. Ke3 Rc6 49. f3 Kd6 50. Rf5 Ke6 51. Rb5 Kd6 52. Ke4 Ke6 53. Kd4
Kd6 54. b3 Ke6 55. a4 Rd6+ 56. Ke4 Rc6 57. Ke3 Rc3+ 58. Ke4 Rc6 59. f4 gxf4 60.
Kxf4 Kf7 61. Kf5 Rd6 62. h4 Rc6 63. Rd5 Kg7 64. Rd7+ Kf8 65. Rb7 Rd6 66. Kg6 Rd4
67. Kxf6 Kg8 68. g5 hxg5 69. hxg5 Rb4 70. Rb8+ 1-0

[Event "Women's Speed Chess Q1"]
[Site "chess.com INT"]
[Date "2020.06.18"]
[Round "3"]
[White "Belenkaya, Dina"]
[Black "Mammadova, Gulnar"]
[Result "1-0"]
[WhiteTitle "WGM"]
[BlackTitle "IM"]
[WhiteElo "2297"]
[BlackElo "2382"]
[WhiteFideId "24142654"]
[BlackFideId "13403508"]
[EventDate "2020.06.18"]

1. e4 e6 2. Qe2 c5 3. Nf3 Nc6 4. g3 g6 5. Bg2 Bg7 6. c3 Nge7 7. h4 h6 8. d4 cxd4
9. cxd4 Nxd4 10. Nxd4 Bxd4 11. O-O Bg7 12. Nc3 Nc6 13. Rd1 O-O 14. Be3 b6 15.
Qd2 Ne5 16. Bxh6 Nc4 17. Qc1 Bb7 18. Bxg7 Kxg7 19. b3 Na5 20. Qe3 Rc8 21. Nb5 d5
22. e5 Ba6 23. Nd6 Rc2 24. Rac1 Re2 25. Qf4 f6 26. Bxd5 fxe5 27. Qg4 exd5 28.
Rxd5 Qf6 29. Ne4 Rxe4 30. Qxe4 Qxf2+ 31. Kh1 Qxg3 32. Qxe5+ Qxe5 33. Rxe5 Rf2
34. Re7+ Kf6 35. Rcc7 Rxa2 36. Rf7+ Ke6 37. Rce7+ Kd6 38. Rxa7 Bb5 39. Rf6+ Kc5
40. Rxg6 Bc6+ 41. Kg1 Rb2 42. Rg5+ Kd6 43. Rg6+ Ke5 44. Rg5+ Kf4 45. Rf7+ Ke4
46. Re7+ Kd4 47. Rf7 Rxb3 48. h5 Rb1+ 49. Kf2 Nc4 50. Rg4+ Be4 51. Rff4 Rb2+ 52.
Ke1 Rb1+ 53. Kf2 Nd6 54. h6 Rh1 55. Rh4 Rd1 56. h7 Rd2+ 57. Ke1 Ke3 58. Rh3+
Kxf4 59. h8=Q Ra2 60. Qh6+ Ke5 61. Rh5+ Bf5 62. Qg7+ Kd5 63. Qg8+ Ke4 64. Qxa2
Kf4 65. Qb2 Ne4 66. Qb4 Bg4 67. Rh4 Kf3 68. Rxg4 1-0

[Event "Women's Speed Chess Q1"]
[Site "chess.com INT"]
[Date "2020.06.18"]
[Round "3"]
[White "Franco Valencia, Angela"]
[Black "Yakimova, Mariya"]
[Result "0-1"]
[WhiteTitle "WIM"]
[BlackTitle "WFM"]
[WhiteElo "2089"]
[BlackElo "2269"]
[WhiteFideId "4403070"]
[BlackFideId "34188859"]
[EventDate "2020.06.18"]

1. e4 c5 2. Nf3 Nc6 3. d4 cxd4 4. Nxd4 Nf6 5. Nc3 e5 6. Ndb5 d6 7. Bg5 a6 8. Na3
b5 9. Nd5 Be7 10. Bxf6 Bxf6 11. c3 O-O 12. Nc2 Bg5 13. h4 Bh6 14. a4 bxa4 15.
Rxa4 a5 16. Bc4 Rb8 17. b3 Kh8 18. Nce3 g6 19. h5 Bg5 20. Qf3 Be6 21. Qg3 h6 22.
Ra1 Kg7 23. hxg6 fxg6 24. Rd1 a4 25. bxa4 Rb2 26. Rd2 Rxd2 27. Kxd2 Na5 28. Ba2
Bxd5 29. Bxd5 Qb6 30. Kc2 Rb8 31. Qg4 Qb2+ 32. Kd3 Qxf2 33. Rh3 Nb3 34. Bxb3
Rxb3 35. Qd7+ Qf7 36. Qxf7+ Kxf7 37. Nc4 Ke6 38. Rh1 d5 39. exd5+ Kxd5 40. a5
e4+ 41. Kc2 Kxc4 42. Ra1 Rb8 43. a6 Ra8 44. Ra4+ Kb5 45. Rxe4 Rxa6 46. Kd3 Rd6+
47. Ke2 Kc5 48. g4 Rd2+ 49. Kf3 Rd6 50. Re8 Kc4 51. Rc8+ Kd3 52. c4 Rf6+ 53. Kg3
Ke2 54. Re8+ Be3 55. c5 Rc6 56. Re5 Kd3 57. Rd5+ Ke4 58. Rd6 Rxd6 59. cxd6 Bf4+
60. Kh4 Bxd6 61. Kh3 Kf4 62. Kh4 Be7+ 63. Kh3 Kg5 64. Kg3 Bd6+ 65. Kh3 Bf4 66.
Kg2 Kxg4 67. Kf2 h5 68. Kg2 h4 69. Kh1 g5 70. Kg2 Bg3 71. Kh1 Kf3 72. Kg1 Bf2+
73. Kh1 g4 74. Kh2 g3+ 75. Kh1 g2+ 0-1

[Event "Women's Speed Chess Q1"]
[Site "chess.com INT"]
[Date "2020.06.18"]
[Round "3"]
[White "Artemyeva, Olga"]
[Black "Tokhirjonova, Gulrukhbegim"]
[Result "0-1"]
[WhiteTitle "WFM"]
[BlackTitle "WGM"]
[WhiteElo "2069"]
[BlackElo "2378"]
[WhiteFideId "4138422"]
[BlackFideId "14203626"]
[EventDate "2020.06.18"]

1. e4 e5 2. Nf3 Nc6 3. Bb5 a6 4. Ba4 Nf6 5. O-O Nxe4 6. d4 b5 7. Bb3 d5 8. Nxe5
Nxe5 9. dxe5 Be6 10. c3 Be7 11. Nd2 Nc5 12. Bc2 d4 13. cxd4 Qxd4 14. Nf3 Qxd1
15. Rxd1 O-O 16. Be3 Rad8 17. Ng5 h6 18. Nxe6 Nxe6 19. Be4 c5 20. a4 Bg5 21.
Bxg5 hxg5 22. g3 g6 23. Bb7 Rxd1+ 24. Rxd1 bxa4 25. Bxa6 Rb8 26. Rd2 Nd4 27. Kg2
Kf8 28. Bc4 Ke7 29. f4 gxf4 30. gxf4 Rb4 31. Bd5 Nf5 32. Kf3 f6 33. Be4 Nd4+ 34.
Ke3 Rb3+ 35. Kf2 fxe5 36. fxe5 g5 37. Bd5 g4 38. Bxb3 axb3 39. Kg3 Ke6 40. Kxg4
Kxe5 41. h4 c4 42. h5 Ke4 43. h6 Nc6 44. h7 Ne5+ 45. Kg5 Nf3+ 46. Kg4 Nxd2 47.
h8=Q Kd3 48. Qc3+ Ke2 49. Kf4 Kd1 50. Ke3 Nf1+ 51. Kd4 Nd2 52. Ke3 Nf1+ 53. Kf2
Nd2 54. Qd4 Kc2 55. Ke2 Nb1 56. Qxc4+ Kxb2 57. Qd4+ Kc2 58. Qd1+ Kb2 59. Kd3 Ka2
60. Kc4 b2 61. Qa4+ Na3+ 62. Kc3 b1=Q 63. Kd4 Qb2+ 64. Kc5 Qc3+ 65. Kd5 Qd3+ 66.
Kc5 Qf5+ 67. Kb4 Qf4+ 68. Ka5 Qe5+ 69. Kb4 Qb8+ 70. Kc3 Qc7+ 71. Kb4 Qd6+ 72.
Kc3 Qb6 0-1

[Event "Women's Speed Chess Q1"]
[Site "chess.com INT"]
[Date "2020.06.18"]
[Round "3"]
[White "Babiy, Olga"]
[Black "Bommini, Mounika Akshaya"]
[Result "1/2-1/2"]
[WhiteTitle "WGM"]
[BlackTitle "WFM"]
[WhiteElo "2228"]
[BlackElo "2029"]
[WhiteFideId "14117258"]
[BlackFideId "25019872"]
[EventDate "2020.06.18"]

1. e4 e5 2. Nf3 Nc6 3. Nc3 Nf6 4. a3 d5 5. Bb5 dxe4 6. Nxe5 Bd7 7. Bxc6 Bxc6 8.
Nxc6 bxc6 9. O-O Bc5 10. Qe2 O-O 11. Nxe4 Re8 12. d3 Nxe4 13. dxe4 Qd4 14. Re1
f5 15. c3 Qxe4 16. Qxe4 Rxe4 17. Rxe4 fxe4 18. b4 Bd6 19. Be3 Be5 20. Bd4 Bxd4
21. cxd4 Rd8 22. Rd1 a5 23. bxa5 Ra8 24. Kf1 Rxa5 25. Rc1 Rxa3 26. Rxc6 Ra4 27.
Rxc7 Rxd4 28. Ke2 h6 29. Ke3 Ra4 30. Re7 Ra3+ 31. Kxe4 Kh7 32. Kf4 Ra2 33. Kg3
Ra3+ 34. f3 Ra2 35. h4 Kg6 36. Kh3 Kf6 37. Rb7 g5 38. Rb6+ Kg7 39. h5 Ra4 40. g3
Ra1 41. Rg6+ Kh7 42. Rb6 Ra3 43. Rf6 Ra4 44. Rf5 Kg7 45. Rb5 Rc4 46. Rb6 Ra4 47.
Rg6+ Kh7 48. Rc6 Kg7 49. Rc7+ Kf6 50. Rc6+ Kg7 51. Rd6 Kh7 52. Rd7+ Kg8 53. Re7
Kh8 54. Rf7 Kg8 55. Rb7 Kh8 56. Kg2 Kg8 57. Kh3 Ra3 58. Kg4 Ra4+ 59. f4 gxf4 60.
gxf4 Ra5 61. Rc7 Rb5 62. Rc6 Kg7 63. Rg6+ Kh7 64. Rc6 Kg7 65. Rc7+ Kf6 66. Rc6+
Kg7 1/2-1/2